Prime central London shrugs off stamp duty fears as prices rise 1.1%h[electronic resource] (Record no. 114097)

MARC details
000 -LEADER
fixed length control field 00931cad a22002055a 4500
001 - CONTROL NUMBER
control field L156204
008 - FIXED-LENGTH DATA ELEMENTS--GENERAL INFORMATION
fixed length control field 120503s2012 xxk f 000 0 eng d
035 ## - SYSTEM CONTROL NUMBER
System control number (Sirsi) u156204
041 0# - LANGUAGE CODE
Language code of text/sound track or separate title eng
110 2# - MAIN ENTRY--CORPORATE NAME
Corporate name or jurisdiction name as entry element Knight Frank
9 (RLIN) 1530
245 00 - TITLE STATEMENT
Title Prime central London shrugs off stamp duty fears as prices rise 1.1%h[electronic resource]
260 ## - PUBLICATION, DISTRIBUTION, ETC.
Place of publication, distribution, etc. London
Date of publication, distribution, etc. Knight Frank
Name of publisher, distributor, etc. 2012
490 #0 - SERIES STATEMENT
Series statement Knight Frank Prime Central London Sales Index
Volume/sequential designation April 2012
520 ## - SUMMARY, ETC.
Summary, etc. Prime central London residential prices rose by 1.1% in April and applicant numbers by approximately 13% despite the Budget announcement in March to increase stamp duty to 7% for individuals and 15% for those purchasing as non-natural persons.
590 ## - LOCAL NOTE (RLIN)
Local note KA NTK
651 #4 - SUBJECT ADDED ENTRY--GEOGRAPHIC NAME
Geographic name LONDON
690 ## - LOCAL SUBJECT ADDED ENTRY--TOPICAL TERM (OCLC, RLIN)
Topical term or geographic name as entry element Residential property
9 (RLIN) 6266
856 40 - ELECTRONIC LOCATION AND ACCESS
Uniform Resource Identifier <a href="https://knightfrank.com/research/">https://knightfrank.com/research/</a>
Public note View the item free of charge under research at knightfrank.com/research
942 ## - ADDED ENTRY ELEMENTS (KOHA)
Suppress in OPAC 0
Holdings
Withdrawn status Lost status Source of classification or shelving scheme Damaged status Not for loan Home library Current library Shelving location Date acquired Total Checkouts Full call number Barcode Date last seen Copy number Price effective from Koha item type
    Dewey Decimal Classification     Virtual Virtual Online 03/05/2012   ONLINE PUBLICATION 156204-2001 06/08/2019 1 06/08/2019 Book